| 000 -LEADER | |
|---|---|
| fixed length control field | 00397nam a22001577a 4500 |
| 005 - DATE AND TIME OF LATEST TRANSACTION | |
| control field | 20251007130620.0 |
| 008 - FIXED-LENGTH DATA ELEMENTS--GENERAL INFORMATION | |
| fixed length control field | 251007b |||||||| |||| 00| 0 eng d |
| 020 ## - INTERNATIONAL STANDARD BOOK NUMBER | |
| ISBN | 978-81-969098-6-4 |
| 041 ## - LANGUAGE CODE | |
| Language code of text/sound track or separate title | HINDI |
| 082 ## - DEWEY DECIMAL CLASSIFICATION NUMBER | |
| Classification number | 613.2 |
| 100 ## - MAIN ENTRY--AUTHOR NAME | |
| Personal name | CHATURVEDI , YATINDRA NATH |
| 245 ## - TITLE STATEMENT | |
| Title | HAMARA SWASTHYA AUR MASALE |
| 260 ## - PUBLICATION, DISTRIBUTION, ETC. (IMPRINT) | |
| Place of publication | UTTAR PRADESH |
| Name of publisher | AKSHAR PLANT |
| Year of publication | 2024 |
| 300 ## - PHYSICAL DESCRIPTION | |
| Number of Pages | 210;P |
| 942 ## - ADDED ENTRY ELEMENTS (KOHA) | |
| Koha item type | Books |
No items available.